National Flags with Weapons - Statistics

General Stats
  • This quiz has been taken 93 times
  • The average score is 15 of 16
Answer Stats
Picture Answer % Correct
Saudi Arabia
98%
Kenya
96%
Malta
94%
Sri Lanka
94%
Ecuador
93%
Barbados
91%
Oman
91%
Angola
90%
Belize
90%
Eswatini
90%
Haiti
90%
Dominican Republic
89%
El Salvador
89%
Mozambique
89%
Guatemala
85%
Bolivia
84%
No matching quizzes found
Score Distribution
Percent of People with Each Score
Percentile by Number Answered
Your Score History
You have not taken this quiz